| 000 | 00900nam a2200325 a 4500 | ||
|---|---|---|---|
| 001 | 20041 | ||
| 003 | VRT | ||
| 005 | 20260115105324.0 | ||
| 008 | 950616s1989 xo g 000 1 slo c | ||
| 020 |
_a802220059X _c20.00 |
||
| 035 | _aUKB000066726 | ||
| 039 | 9 |
_a201504281525 _bgluc |
|
| 040 |
_aBAA001 _bslo _cBAA001 _eAACR2 |
||
| 041 | 0 | _aslo | |
| 044 |
_axo _cSK |
||
| 080 | _a885.4-31 URBAN,M. | ||
| 100 | 1 |
_aUrban, Milo, _d1904-1982 |
|
| 245 | 1 | 0 |
_aŽivý bič _cMilo Urban ; dosl. nap. Ivan Sulík |
| 250 | _a4. vyd. | ||
| 260 |
_aBratislava _bTatran _c1989 |
||
| 300 | _a299 s. | ||
| 490 | 1 |
_aHviezdoslavova knižnica _vzv. 308 |
|
| 653 | _a885.4-31 Urban,M. | ||
| 700 | 1 |
_aSulík, Ivan, _d1943- _4aft |
|
| 830 | 0 | _aHviezdoslavova knižnica | |
| 910 | _aukb | ||
| 942 |
_2ddc _cKLDO _n0 |
||
| 949 |
_61800078420 _a30.D.24322 _bPV.2491-89 |
||
| 949 |
_61800137980 _aSL.D.08384 _bPV.2492-89 |
||
| 999 |
_c20041 _d20041 |
||